La historia de Sevilla (Record no. 19785)

MARC details
000 -LEADER
campo de control de longitud fija 00718nam a2200205 i 4500
001 - NÚMERO DE CONTROL
campo de control 19785
003 - IDENTIFICADOR DE NÚMERO DE CONTROL
campo de control ES-MaACL
005 - FECHA Y HORA DE LA ÚLTIMA TRANSACCIÓN
campo de control 20230906152151.0
007 - CAMPO FIJO DE DESCRIPCIÓN FÍSICA--INFORMACIÓN GENERAL
campo de control de longitud fija t|
008 - DATOS DE LONGITUD FIJA--INFORMACIÓN GENERAL
campo de control de longitud fija 021015s1917 sp ||||1| spa d
100 1# - ENTRADA PRINCIPAL--NOMBRE DE PERSONA
Nombre de persona Álvarez Quintero, Serafín,
Fechas asociadas al nombre 1871-1938
9 (RLIN) 226443
245 13 - MENCIÓN DEL TÍTULO
Título La historia de Sevilla
Resto del título : romance /
Mención de responsabilidad, etc. Serafín y Joaquín Alvarez Quintero ; con música de Francisco Bravo.
260 ## - PUBLICACIÓN, DISTRIBUCIÓN, ETC.
Lugar de publicación, distribución, etc. Madrid :
Nombre del editor, distribuidor, etc. [s.n.],
Fecha de publicación, distribución, etc. 1917 (
Fabricante Imp. Clásica Española)
300 ## - DESCRIPCIÓN FÍSICA
Extensión 22 p. ;
Dimensiones 18 cm.
500 ## - NOTA GENERAL
Nota general Solo la letra.
700 1# - ENTRADA AGREGADA--NOMBRE PERSONAL
Nombre de persona Álvarez Quintero, Joaquín,
Fechas asociadas al nombre 1873-1944
9 (RLIN) 20922
700 1# - ENTRADA AGREGADA--NOMBRE PERSONAL
Nombre de persona Bravo, Francisco.
9 (RLIN) 31452
852 ## - LOCALIZACIÓN
Ubicación ES-MaACL
Número de control de estantería F-8656(4)
condición física . - Encuadernado con otras obras
Holdings
Estatus retirado Estado de pérdida Estado de daño No para préstamo Biblioteca de origen Biblioteca actual Ubicación en estantería Fecha de adquisición Fuente de adquisición Total de préstamos Signatura topográfica completa Código de barras Visto por última vez Precio de reemplazo Tipo de ítem Koha
        Biblioteca del Ateneo de Madrid Biblioteca del Ateneo de Madrid Sala Pecera Planta 2 17/01/2008     F-8656(4) 1020263 23/02/2023 23/02/2023 Libro impreso